00703nam a2200181Ia 4500008004100000020001800041041000800059082001600067100001900083245011000102260002500212300000800237365001600245700004300261906003300304999001900337952016500356230718s9999 xx 000 0 und d a9780852261507 aeng a621.38bDAS aDas J.9158443 aPrinciples Of Digital CommunicationbSignal Representation, Detection Estimation And Inforamation Coding  c1992bWiley And Sons a638 cRs.b110.00 aDas J., Mullick S.K. & Chatterjee P.K. dB:61719-Oct-1993cETC b16.5 c291420d291420 01104070aCCEPbCCEPd1993-10-21ePradeep Book DistributorsfETC g93.50i617o621.38pCCEP-BK-2520r2023-07-18 00:00:00t16.5v110.00w1993-10-19yBKz002520